00553nam a22001937a 450000500170000001000130001702000230003003500130005303700160006604000120008208200160009424500930011026000370020327000260024030000240026665000250029065000280031570000160034320170124105959.0 aA-611704 a8170123399c175.00 aA-611704 bCen Lib/Ret aDPLbEN a349.54bSOC aSocial policy, law and protection of weaker sections of society /cedited by D.N. Saraf  aLucknowbEastern Book Com.c1986 a34, lalbagh bLucknow axv, 665p.c21cm(Hb) aCivil rightszIndia  aEquality before the law aSaraf, D.N.